| 000 | 00768nam a22002297a 4500 | ||
|---|---|---|---|
| 001 | 56312 | ||
| 003 | BD-RjUL | ||
| 005 | 20211209080359.0 | ||
| 008 | 161128s1968 bg ||||| |||| 00| 0 BEN d | ||
| 020 | _cTK 2.00 | ||
| 035 | _a(BD-RjUL)56436 | ||
| 040 |
_aBD-RjUL _bben _cBD-RjUL |
||
| 041 | _aben | ||
| 082 |
_223 _a891.442 _bHAB 1968 |
||
| 100 |
_aহক, শেখ শামসুল _9167192 |
||
| 245 | 1 | 0 |
_aবরণ-ডালা : _bলোক নাট্য / _cশেখ শামসুল হক |
| 260 |
_aঢাকা : _bসুলভ প্রকাশনী, _c১৯৬৮ |
||
| 300 |
_a১১৯ পৃ. ; _c১৬ সেমি . |
||
| 650 |
_aবাংলা নাটক _9167564 |
||
| 650 |
_aBengali Drama _9167565 |
||
| 942 |
_2ddc _cBK |
||
| 999 |
_c56312 _d56312 |
||